|
|
|
|
| LEADER |
00984nam a2200301 4500 |
| 001 |
DLU110129686 |
| 005 |
##20111223 |
| 040 |
# |
# |
|a DLU
|b eng
|
| 041 |
# |
# |
|a eng
|
| 044 |
# |
# |
|a us
|
| 100 |
# |
# |
|a Liu, Li.
|
| 245 |
# |
# |
|a Contamination source identification in water distribution systems using an adaptive dynamic optimization procedure /
|c Li Liu, S. Ranji Ranjithan, G. Mahinthakumar.
|
| 653 |
# |
# |
|a Algorithms
|
| 653 |
# |
# |
|a Identification
|
| 653 |
# |
# |
|a Water distribution systems
|
| 653 |
# |
# |
|a Water pollution
|
| 700 |
# |
# |
|a Mahinthakumar, G.
|
| 700 |
# |
# |
|a Ranjithan, S. Ranji.
|
| 773 |
# |
# |
|t Journal of Water Resources Planning and Management
|g Vol. 137, no. 2 (March/April 2011), p. 183-192
|
| 920 |
# |
# |
|a Phòng Tạp chí -- Trung tâm Thông tin - Thư viện Trường Đại học Đà Lạt
|
| 994 |
# |
# |
|a DLU
|
| 900 |
# |
# |
|a True
|
| 911 |
# |
# |
|a Trương Bảo Trâm Anh
|
| 925 |
# |
# |
|a G
|
| 926 |
# |
# |
|a A
|
| 927 |
# |
# |
|a BB
|
| 980 |
# |
# |
|a Thư viện Trường Đại học Đà Lạt
|